000 01097cam a2200349 i 4500
001 1522523
003 OSt
005 20210922152418.0
008 801223c1980 xx a b 001 0 eng
020 _a0891165223
035 _a(OCoLC)31743097
035 _a(OCoLC)ocm31743097
035 _a(NNC)1522523
038 _akhadija
040 _cE
050 4 _aQC320
_b.P37 1980g
082 _a536.2
_bPAT
100 1 _aPatankar, Suhas V.,
_d1941-
_982614
245 1 0 _aNumerical heat transfer and fluid flow /
_cSuhas V. Patankar.
260 _a[S.l.] :
_bTaylor & Francis,
_cc1980.
300 _axiii, 197 p. :
_bill. ;
_c24 cm.
490 1 _aSeries in computational methods in mechanics and thermal sciences
500 _aIncludes index.
504 _aIncludes bibliographical references (p. 189-193) and index.
563 _ahardcover
650 0 _aHeat
_xTransmission.
_91537
650 0 _aFluid dynamics.
_91384
650 0 _aNumerical analysis.
_9103
830 0 _aSeries in computational methods in mechanics and thermal sciences.
_982615
942 _2ddc
_cBK
999 _c32526
_d32526